00712nam a2200181 i 450000100060000000300090000600500170001500700030003200800410003511100810007624500860015726000280024330000210027174000670029285200320035999900170039195201220040883471ES-MaACL20230906174831.0t|041117s1970 sp ||||1| spa d2 aReunión de la Sociedad de Pediatría de Andalucía Oriental (n8ª)995210aMesa redonda sobre intoxicaciones por fármacos de uso frecuente en Pediatría. a[S.l. : bs.n., c1970] a74 p. ; c23 cm.0 aIntoxicaciones por fármacos de uso frecuente en Pediatría. aES-MaACLjC-44553 bR.76034 c83471d83471 00104070aATENEOMbATENEOMcDEPO2d2008-01-17eSCl0oC-44553p1087243r2023-02-23 00:00:00w2023-02-23yMONOGRAFIA